Komplexný komerčno-právny pohľad na kúpnu zmluvu v medzinárodnom obchode diplomová práca

Salvato in:
Dettagli Bibliografici
Autore principale: Zeman, Peter
Ente Autore: Obchodná fakulta EU. Katedra medzinárodného obchodu
Altri autori: Knapik, Peter
Natura: Libro
Lingua:slovacco
Pubblicazione: Bratislava 2009
Tags: Aggiungi Tag
Nessun Tag, puoi essere il primo ad aggiungerne!!

MARC

LEADER 00000nam$a2200000$$$4500
001 0101264
005 20240318133702.8
041 0 |a slo 
044 |a SK 
245 1 0 |a Komplexný komerčno-právny pohľad na kúpnu zmluvu v medzinárodnom obchode  |b diplomová práca  |c Peter Zeman ; škol. Peter Knapik 
264 1 |a Bratislava  |c 2009 
300 |a 91 s. 
100 1 |a Zeman, Peter 
700 1 |a Knapik, Peter 
710 2 |a Obchodná fakulta EU. Katedra medzinárodného obchodu